000 00303nam a2200121Ia 4500
008 191201s2008 xx 000 0 und d
100 _aSHARMA, Sanjay
245 0 _aWireless & Cellular Communications
260 _aN. Delhi
_bSK kataria
_c2008
300 _a823
650 _aB.Tech(ECE)
942 _2ddc
_cBK
999 _c6651
_d6651